Az Együttélés és a Magyar Kereszténydemokrata Mozgalom tiltakozó levele a Szlovák Televízió elnökéhez

Bibliographic Details
Main Authors: Duka Zólyomi, Árpád, 1941-2013 (Author), Bugár, Béla, 1958- (Author)
Format: Article
Language:Hungarian
Subjects:

MARC

LEADER 00000nab a2200000 a 4500
001 vtls000486239
003 SK-MaSNL
005 20260318133212.0
008 120927c1992 xo 0 hun
015 |a SNBRB19rr/mm-uuuuu 
035 |a CL0486376 
040 |a SNKBUCL  |b slo  |c SNKBUCL  |e AACR2 
041 0 |a hun 
044 |a xo  |c SK 
080 |a 7.097  |2 1981 
080 |a 323.15(437.6=945.11)  |2 1981 
080 |a 329.17(437=945.11)Spolužitie  |2 1981 
080 |a 329.3  |2 1981 
080 |a 28(437=945.11)MKDH  |2 1981 
100 1 |a Duka Zólyomi, Árpád,  |d 1941-2013  |4 aut  |9 104454 
245 1 3 |a Az Együttélés és a Magyar Kereszténydemokrata Mozgalom tiltakozó levele a Szlovák Televízió elnökéhez  |c Árpád Duka Zólyomi, Béla Bugár 
610 2 7 |a Maďarské kresťanskodemokratické hnutie - Magyar Kereszténydemokrata Mozgalom (politická strana)  |2 snkbucl  |9 228638 
610 2 7 |a Slovenská televízia  |2 snkbucl  |9 115516 
650 0 7 |a Národnostný magazín (relácia TV maďarská)  |2 snkbucl  |9 1241418 
650 0 7 |a Spolužitie-Együttélés  |2 snkbucl  |9 893821 
651 7 |a 5100  |2 snkbucl  |9 166206 
655 7 |a články z novín a časopisov  |2 snkbucl  |9 267496 
700 1 |a Bugár, Béla,  |d 1958-  |4 aut  |9 103270 
773 0 |t Új szó  |g Roč. 45, č. 285 (3. 12. 1992), s. 1 
850 |a Slovenská národná knižnica v Martine  |a MTA001 
852 |a SNK  |b KIS3GCP 
958 |a RK 
992 |a RBX 
999 |c 2198749  |d 2200679